00964cam a22002411 450000100060000000300080000600500170001400800390003103500190007004000360008904100080012508200240013324500630015726000480022030000660026850400290033465000290036370000280039294200120042099900170043295201370044995201360058611066BD-RjUL20211208235050.0140126s1961 nyuabd b 000 0 eng a(BD-RjUL)11115 aDLC/ICUcICUdDLCdBD-RjULbeng aeng00a551.50901bDES 196110aDescriptive palaeoclimatology /cEdited by A. E. M. Nairn. aNew York :bInterscience Publishers,c1961. axi, 380 p. :billus., maps, charts, diagrs., tables ;c24 cm. aIncludes bibliographies. 0aPaleoclimatology.9329791 aNairn, A. E. M.,934202 2ddccBK c11066d11066 00102ddc4071aRUCLbRUCLcReadingd1964-03-21eZeitlingerg80.00l0o551.50901 DES 1961r2014-01-26 00:00:00tC-1w2014-01-26yBK 00102ddc4070aRUCLbRUCLcStackd1964-01-17eBook centreg59.75l0o551.50901 DES 1961r2014-01-26 00:00:00tC-2w2014-01-26yBK